| 000 | 00902cab a2200253 4500 | ||
|---|---|---|---|
| 001 | WB3335-42 | ||
| 008 | 090401t1997 xxu||||| |||| 00| 0 eng d | ||
| 035 | _a(Sirsi) u80873 | ||
| 041 | _aeng | ||
| 245 | _aDon`t talk to strangers | ||
| 260 | _c1997 | ||
| 350 | _a0 | ||
| 490 |
_aBuilding _v262(36) 12 September 1997, 39(1) |
||
| 520 | _aA warning that consultants may be held liable for loss caused to people they have never met and from whom they have received no fee. "Machin v Adams" quoted, in which a comfort letter was relied on by a third party purchaser. | ||
| 650 | _aCASES | ||
| 650 | _aCONSULTANTS | ||
| 650 | _aGABLE HOUSE ESTATES V HALPERN PARTNERSHIP & BOVIS CONSTRUCTION | ||
| 650 | _aLIABILITY | ||
| 650 | _aMACHIN V ADAMS AND OTHERS | ||
| 650 | _aTHIRD PARTIES | ||
| 690 | _aMANAGEMENT-BUSINESS MANAGEMENT-PROFESSIONAL PRACTICE | ||
| 942 | _n0 | ||
| 948 | _c12/09/1997 | ||
| 999 |
_c50931 _d50931 |
||